00398nam a2200121Ia 4500008004100000245008600041260004500127260000900172300000900181500001000190650001300200856006300213170516s9999 xx 000 0 und d aControl of autoimmune arthritis by herbal extracts and their bioactive components bAsian Journal of Pharmaceutical Sciences c2016 a11:2 aApril xPharmacy uhttp://www.sciencedirect.com/science/journal/18180876/11/2